[Event "escc2023_65"]
[Site "?"]
[Date "2023.06.03"]
[Round "9.1"]
[White "Ftacnik, Lubomir"]
[Black "Chapman, Terry P D"]
[Result "1/2-1/2"]
[BlackElo "2204"]
[WhiteElo "2456"]
[LiveChessVersion "1.4.8"]

1. Nf3 {[%clk 1:30:55]} e6 {[%clk 1:30:43]} 2. c4 {[%clk 1:31:02]} d5
{[%clk 1:30:10]} 3. d4 {[%clk 1:31:06]} c6 {[%clk 1:30:17]} 4. e3
{[%clk 1:28:21]} f5 {[%clk 1:30:05]} 5. Bd3 {[%clk 1:27:17]} Nf6 {[%clk 1:30:25]}
6. O-O {[%clk 1:27:14]} Bd6 {[%clk 1:30:44]} 7. b3 {[%clk 1:26:58]} Qe7
{[%clk 1:30:49]} 8. Bb2 {[%clk 1:26:35]} O-O {[%clk 1:31:04]} 9. Qc1
{[%clk 1:22:31]} Ne4 {[%clk 1:28:10]} 10. Ba3 {[%clk 1:19:28]} Bxa3
{[%clk 1:25:16]} 11. Qxa3 {[%clk 1:18:29]} Qxa3 {[%clk 1:25:35]} 12. Nxa3
{[%clk 1:18:53]} a5 {[%clk 1:22:42]} 13. Ne5 {[%clk 1:14:49]} Nd6
{[%clk 1:12:27]} 14. Rfc1 {[%clk 1:06:33]} Na6 {[%clk 1:09:55]} 15. c5
{[%clk 1:06:05]} Nf7 {[%clk 1:10:05]} 16. Nxf7 {[%clk 1:05:51]} Kxf7
{[%clk 1:08:36]} 17. Bxa6 {[%clk 1:06:10]} Rxa6 {[%clk 1:08:26]} 18. Nc2
{[%clk 1:06:02]} Bd7 {[%clk 1:06:06]} 19. Ne1 {[%clk 1:05:41]} Rfa8
{[%clk 1:00:06]} 20. Nd3 {[%clk 1:04:20]} Ke7 {[%clk 0:59:07]} 21. Rc3
{[%clk 1:00:13]} g5 {[%clk 0:58:52]} 22. h3 {[%clk 0:57:37]} Rg8 {[%clk 0:53:17]}
23. f4 {[%clk 0:51:56]} g4 {[%clk 0:46:50]} 24. Kf2 {[%clk 0:43:56]} g3+
{[%clk 0:39:22]} 25. Ke2 {[%clk 0:44:16]} Be8 {[%clk 0:37:23]} 26. Ne5
{[%clk 0:44:33]} Bh5+ {[%clk 0:37:31]} 27. Kd2 {[%clk 0:44:55]} Kd8
{[%clk 0:35:58]} 28. Rh1 {[%clk 0:41:51]} Kc7 {[%clk 0:32:08]} 29. Re1
{[%clk 0:31:55]} Raa8 {[%clk 0:31:44]} 30. Rb1 {[%clk 0:31:15]} Ra7
{[%clk 0:31:28]} 31. a4 {[%clk 0:28:17]} Rg7 {[%clk 0:20:27]} 32. Ke1
{[%clk 0:23:19]} Kc8 {[%clk 0:20:15]} 33. Rb2 {[%clk 0:20:55]} Kc7
{[%clk 0:20:28]} 34. Rbc2 {[%clk 0:19:59]} Ra8 {[%clk 0:20:27]} 1/2-1/2

[Event "escc2023_65"]
[Site "?"]
[Date "2023.06.03"]
[Round "9.2"]
[White "Kierzek, Matthias"]
[Black "Fernandez Garcia, Jose Luis"]
[Result "0-1"]
[BlackElo "2370"]
[WhiteElo "2163"]
[LiveChessVersion "1.4.8"]

1. d4 {[%clk 1:30:58]} Nf6 {[%clk 1:27:47]} 2. c4 {[%clk 1:31:09]} e6
{[%clk 1:28:09]} 3. Nf3 {[%clk 1:31:28]} d5 {[%clk 1:28:23]} 4. Nc3
{[%clk 1:31:46]} c5 {[%clk 1:28:46]} 5. cxd5 {[%clk 1:32:05]} Nxd5
{[%clk 1:29:12]} 6. e4 {[%clk 1:32:27]} Nxc3 {[%clk 1:29:39]} 7. bxc3
{[%clk 1:32:51]} cxd4 {[%clk 1:29:59]} 8. cxd4 {[%clk 1:33:16]} Bb4+
{[%clk 1:30:25]} 9. Bd2 {[%clk 1:33:40]} Bxd2+ {[%clk 1:30:51]} 10. Qxd2
{[%clk 1:34:05]} O-O {[%clk 1:31:18]} 11. Bc4 {[%clk 1:34:27]} b6
{[%clk 1:31:41]} 12. O-O {[%clk 1:34:49]} Bb7 {[%clk 1:32:08]} 13. Rfe1
{[%clk 1:34:57]} Nd7 {[%clk 1:32:34]} 14. Rad1 {[%clk 1:35:19]} Rc8
{[%clk 1:32:55]} 15. Bb3 {[%clk 1:35:44]} h6 {[%clk 1:31:20]} 16. Re3
{[%clk 1:35:44]} Nf6 {[%clk 1:30:57]} 17. d5 {[%clk 1:34:01]} exd5
{[%clk 1:25:47]} 18. exd5 {[%clk 1:33:13]} Qd6 {[%clk 1:25:19]} 19. h3
{[%clk 1:13:49]} Rfe8 {[%clk 1:25:04]} 20. Nd4 {[%clk 1:04:09]} Rxe3
{[%clk 1:22:38]} 21. Nf5 {[%clk 1:02:58]} Qe5 {[%clk 0:55:12]} 22. Nxe3
{[%clk 1:03:01]} Ne4 {[%clk 0:55:30]} 23. Qb4 {[%clk 0:40:22]} Nc3
{[%clk 0:44:44]} 24. Re1 {[%clk 0:37:30]} Rc5 {[%clk 0:41:22]} 25. f4
{[%clk 0:33:31]} Qf6 {[%clk 0:35:14]} 26. Ng4 {[%clk 0:25:55]} Qd8
{[%clk 0:33:37]} 27. d6 {[%clk 0:26:18]} Qxd6 {[%clk 0:26:34]} 28. Re8+
{[%clk 0:26:20]} Kh7 {[%clk 0:27:01]} 29. Bxf7 {[%clk 0:24:30]} Qd1+
{[%clk 0:26:39]} 30. Kh2 {[%clk 0:23:07]} Bd5 {[%clk 0:19:47]} 31. Ne5
{[%clk 0:20:01]} Bxf7 {[%clk 0:19:16]} 32. Nxf7 {[%clk 0:20:16]} Qa4
{[%clk 0:16:04]} 33. Rh8+ {[%clk 0:20:05]} Kg6 {[%clk 0:16:26]} 34. Ne5+
{[%clk 0:20:15]} Kf5 {[%clk 0:16:43]} 35. Rf8+ {[%clk 0:16:04]} Ke6
{[%clk 0:16:50]} 36. Re8+ {[%clk 0:13:33]} Qxe8 {[%clk 0:17:04]} 0-1

[Event "escc2023_65"]
[Site "?"]
[Date "2023.06.03"]
[Round "9.3"]
[White "Nunn, John D M"]
[Black "Gaprindashvili, Nona"]
[Result "1-0"]
[BlackElo "2274"]
[WhiteElo "2579"]
[LiveChessVersion "1.4.8"]

1. e4 {[%clk 1:30:55]} g6 {[%clk 1:30:54]} 2. d4 {[%clk 1:31:17]} c6
{[%clk 1:31:17]} 3. Nc3 {[%clk 1:30:56]} d5 {[%clk 1:31:31]} 4. e5
{[%clk 1:31:06]} Bg7 {[%clk 1:31:46]} 5. Bd3 {[%clk 1:30:56]} c5 {[%clk 1:29:27]}
6. dxc5 {[%clk 1:26:45]} Bxe5 {[%clk 1:09:00]} 7. Nxd5 {[%clk 1:18:42]} Nc6
{[%clk 1:09:11]} 8. Bc4 {[%clk 1:09:00]} e6 {[%clk 0:55:44]} 9. Nf4
{[%clk 1:06:28]} Qa5+ {[%clk 0:52:21]} 10. Bd2 {[%clk 0:47:56]} Qxc5
{[%clk 0:52:33]} 11. Bb3 {[%clk 0:48:18]} Bg7 {[%clk 0:49:34]} 12. Nf3
{[%clk 0:46:13]} Nge7 {[%clk 0:47:45]} 13. O-O {[%clk 0:44:17]} O-O
{[%clk 0:48:01]} 14. Nd3 {[%clk 0:42:03]} Qh5 {[%clk 0:46:58]} 15. Re1
{[%clk 0:42:09]} b6 {[%clk 0:46:37]} 16. h3 {[%clk 0:36:30]} Na5 {[%clk 0:41:56]}
17. Bg5 {[%clk 0:35:26]} Nxb3 {[%clk 0:28:03]} 18. axb3 {[%clk 0:28:10]} Nd5
{[%clk 0:27:07]} 19. Ra4 {[%clk 0:27:02]} f6 {[%clk 0:19:07]} 20. Rh4
{[%clk 0:26:53]} fxg5 {[%clk 0:19:02]} 21. Rxh5 {[%clk 0:27:17]} gxh5
{[%clk 0:13:14]} 22. Nxg5 {[%clk 0:27:27]} 1-0

[Event "escc2023_65"]
[Site "?"]
[Date "2023.06.03"]
[Round "9.4"]
[White "Polster, Wolfgang"]
[Black "Pomes Marcet, Joan"]
[Result "1-0"]
[BlackElo "2239"]
[WhiteElo "2189"]
[LiveChessVersion "1.4.8"]

1. d4 {[%clk 1:30:45]} d5 {[%clk 1:30:44]} 2. c4 {[%clk 1:30:55]} c6
{[%clk 1:31:07]} 3. Nc3 {[%clk 1:31:00]} dxc4 {[%clk 1:31:24]} 4. e3
{[%clk 1:30:36]} b5 {[%clk 1:31:17]} 5. a4 {[%clk 1:30:23]} b4 {[%clk 1:31:32]}
6. Ne4 {[%clk 1:30:22]} Nf6 {[%clk 1:30:15]} 7. Nxf6+ {[%clk 1:29:21]} exf6
{[%clk 1:30:34]} 8. Bxc4 {[%clk 1:29:24]} Bd6 {[%clk 1:30:47]} 9. Qf3
{[%clk 1:20:42]} Qd7 {[%clk 1:05:42]} 10. Ne2 {[%clk 1:17:52]} Qg4
{[%clk 1:04:28]} 11. Qxg4 {[%clk 1:17:36]} Bxg4 {[%clk 1:04:52]} 12. a5
{[%clk 1:16:27]} Nd7 {[%clk 1:01:24]} 13. Bd2 {[%clk 1:14:23]} Rb8
{[%clk 0:57:57]} 14. O-O {[%clk 1:12:52]} O-O {[%clk 0:53:05]} 15. Rfc1
{[%clk 1:10:16]} Bxe2 {[%clk 0:47:02]} 16. Bxe2 {[%clk 1:10:20]} c5
{[%clk 0:46:51]} 17. Bg4 {[%clk 0:52:16]} Rfd8 {[%clk 0:47:01]} 18. Be1
{[%clk 0:52:01]} cxd4 {[%clk 0:45:33]} 19. exd4 {[%clk 0:51:56]} g6
{[%clk 0:40:35]} 20. Rc4 {[%clk 0:44:31]} f5 {[%clk 0:33:18]} 21. Bf3
{[%clk 0:43:54]} Nf6 {[%clk 0:30:10]} 22. Bd2 {[%clk 0:43:21]} Kg7
{[%clk 0:29:55]} 23. Bc6 {[%clk 0:40:57]} Rdc8 {[%clk 0:27:30]} 24. Rac1
{[%clk 0:40:47]} h6 {[%clk 0:25:53]} 25. f3 {[%clk 0:38:44]} g5 {[%clk 0:25:09]}
26. b3 {[%clk 0:38:20]} Kg6 {[%clk 0:23:05]} 27. a6 {[%clk 0:31:20]} Rb6
{[%clk 0:13:33]} 28. Bb7 {[%clk 0:31:18]} Rd8 {[%clk 0:12:42]} 29. Rc8
{[%clk 0:30:06]} Rxc8 {[%clk 0:13:06]} 30. Rxc8 {[%clk 0:30:29]} Nd7
{[%clk 0:13:09]} 31. Be3 {[%clk 0:29:59]} Bf4 {[%clk 0:06:39]} 32. Bf2
{[%clk 0:27:56]} Re6 {[%clk 0:06:28]} 33. g3 {[%clk 0:26:33]} Be3
{[%clk 0:05:04]} 34. Ra8 {[%clk 0:26:08]} Bxf2+ {[%clk 0:05:19]} 35. Kxf2
{[%clk 0:26:32]} Nb6 {[%clk 0:05:19]} 36. Rxa7 {[%clk 0:26:54]} Re7
{[%clk 0:05:42]} 37. Ra8 {[%clk 0:26:13]} Nxa8 {[%clk 0:05:38]} 38. Bxa8
{[%clk 0:26:37]} Rc7 {[%clk 0:06:02]} 39. Bb7 {[%clk 0:26:45]} Rc2+
{[%clk 0:06:26]} 40. Ke3 {[%clk 0:27:07]} Ra2 {[%clk 0:06:43]} 41. Kd3
{[%clk 0:27:22]} f4 {[%clk 0:05:11]} 42. gxf4 {[%clk 0:24:58]} gxf4
{[%clk 0:05:34]} 43. Ke4 {[%clk 0:23:20]} f5+ {[%clk 0:03:12]} 44. Ke5
{[%clk 0:23:43]} Kf7 {[%clk 0:23:29]} 45. Ke4 1-0

[Event "escc2023_65"]
[Site "?"]
[Date "2023.06.03"]
[Round "9.5"]
[White "Iudicello, Giovanni"]
[Black "Renman, Nils-Gustaf"]
[Result "0-1"]
[BlackElo "2331"]
[WhiteElo "2081"]
[LiveChessVersion "1.4.8"]

1. e4 {[%clk 1:30:56]} e6 {[%clk 1:30:50]} 2. d3 {[%clk 1:30:23]} d5
{[%clk 1:30:03]} 3. Nd2 {[%clk 1:30:37]} c5 {[%clk 1:29:17]} 4. Ngf3
{[%clk 1:30:51]} Nc6 {[%clk 1:29:32]} 5. g3 {[%clk 1:31:03]} b6 {[%clk 1:26:52]}
6. Bg2 {[%clk 1:31:16]} dxe4 {[%clk 1:26:37]} 7. Nxe4 {[%clk 1:24:44]} Bb7
{[%clk 1:26:17]} 8. Bf4 {[%clk 1:16:54]} Nf6 {[%clk 1:17:52]} 9. O-O
{[%clk 1:11:50]} Be7 {[%clk 1:06:58]} 10. Ne5 {[%clk 0:50:25]} Nd5
{[%clk 0:46:03]} 11. Nxc6 {[%clk 0:48:10]} Bxc6 {[%clk 0:46:31]} 12. Bd2
{[%clk 0:44:12]} Qd7 {[%clk 0:44:35]} 13. a3 {[%clk 0:43:20]} O-O
{[%clk 0:42:30]} 14. Qe2 {[%clk 0:39:11]} Rad8 {[%clk 0:38:19]} 15. Rae1
{[%clk 0:38:39]} h6 {[%clk 0:37:57]} 16. f4 {[%clk 0:36:30]} Rfe8
{[%clk 0:37:29]} 17. Kh1 {[%clk 0:32:37]} Nc7 {[%clk 0:35:46]} 18. Bc1
{[%clk 0:27:04]} Nb5 {[%clk 0:35:51]} 19. Qf2 {[%clk 0:24:57]} Nd4
{[%clk 0:34:25]} 20. Be3 {[%clk 0:24:15]} Nf5 {[%clk 0:31:21]} 21. Bc1
{[%clk 0:22:31]} Qb7 {[%clk 0:29:17]} 22. Rg1 {[%clk 0:12:55]} Nd4
{[%clk 0:25:50]} 23. c3 {[%clk 0:11:20]} Nf5 {[%clk 0:25:33]} 24. Qe2
{[%clk 0:10:06]} Rd7 {[%clk 0:24:57]} 25. Nf2 {[%clk 0:09:39]} Bxg2+
{[%clk 0:21:44]} 26. Rxg2 {[%clk 0:10:05]} Red8 {[%clk 0:22:03]} 27. Qe4
{[%clk 0:09:09]} Qd5 {[%clk 0:19:17]} 28. Qxd5 {[%clk 0:08:36]} Rxd5
{[%clk 0:19:44]} 29. Rgg1 {[%clk 0:08:26]} Bf6 {[%clk 0:19:14]} 30. Re2
{[%clk 0:08:18]} h5 {[%clk 0:18:33]} 31. Kg2 {[%clk 0:06:55]} Kf8
{[%clk 0:16:10]} 32. Rge1 {[%clk 0:06:53]} R5d7 {[%clk 0:15:36]} 33. Kf3
{[%clk 0:04:00]} b5 {[%clk 0:15:45]} 34. Be3 {[%clk 0:02:58]} Rc8
{[%clk 0:12:22]} 35. Rc1 {[%clk 0:02:20]} Ke7 {[%clk 0:11:46]} 36. Rd2
{[%clk 0:02:33]} Nxe3 {[%clk 0:11:25]} 37. Kxe3 {[%clk 0:02:52]} g5
{[%clk 0:04:02]} 38. Ne4 {[%clk 0:01:58]} gxf4+ {[%clk 0:04:24]} 39. gxf4
{[%clk 0:02:20]} Bg7 {[%clk 0:04:43]} 40. Rg1 {[%clk 0:01:54]} Bh6
{[%clk 0:04:53]} 41. d4 {[%clk 0:27:18]} cxd4+ {[%clk 0:34:41]} 42. cxd4
{[%clk 0:27:33]} Rc4 {[%clk 0:29:43]} 43. Rgg2 {[%clk 0:26:33]} Rd5
{[%clk 0:27:59]} 44. Rgf2 {[%clk 0:20:51]} e5 {[%clk 0:26:57]} 45. b3
{[%clk 0:18:27]} Bxf4+ {[%clk 0:23:46]} 46. Ke2 {[%clk 0:17:43]} Rcxd4
{[%clk 0:23:54]} 0-1

[Event "escc2023_65"]
[Site "?"]
[Date "2023.06.03"]
[Round "9.6"]
[White "Gal, Moshe"]
[Black "Schulz, Michael"]
[Result "0-1"]
[BlackElo "2215"]
[WhiteElo "2095"]
[LiveChessVersion "1.4.8"]

1. d4 {[%clk 1:30:57]} Nf6 {[%clk 1:30:55]} 2. Bf4 {[%clk 1:31:20]} g6
{[%clk 1:31:04]} 3. Nc3 {[%clk 1:31:44]} d5 {[%clk 1:31:02]} 4. Nf3
{[%clk 1:32:03]} Bg7 {[%clk 1:31:18]} 5. Nb5 {[%clk 1:32:23]} Na6
{[%clk 1:31:15]} 6. e3 {[%clk 1:32:44]} O-O {[%clk 1:30:22]} 7. Be2
{[%clk 1:32:17]} Nh5 {[%clk 1:21:20]} 8. Bg5 {[%clk 1:29:48]} h6 {[%clk 1:17:31]}
9. Bh4 {[%clk 1:30:08]} g5 {[%clk 1:11:54]} 10. Nd2 {[%clk 1:26:34]} gxh4
{[%clk 1:06:58]} 11. Bxh5 {[%clk 1:26:54]} c6 {[%clk 1:07:02]} 12. Nc3
{[%clk 1:26:50]} e5 {[%clk 1:06:12]} 13. dxe5 {[%clk 1:25:02]} Bxe5
{[%clk 1:05:07]} 14. Nf3 {[%clk 1:21:55]} Bg7 {[%clk 1:04:44]} 15. g3
{[%clk 1:20:56]} h3 {[%clk 1:04:23]} 16. Nh4 {[%clk 1:21:01]} d4 {[%clk 1:01:01]}
17. exd4 {[%clk 1:19:12]} Re8+ {[%clk 1:01:15]} 18. Ne2 {[%clk 1:18:53]} Qa5+
{[%clk 1:01:36]} 0-1

[Event "escc2023_65"]
[Site "?"]
[Date "2023.06.03"]
[Round "9.7"]
[White "Rooze, Jan"]
[Black "Vepkhvishvili, Varlam"]
[Result "1-0"]
[BlackElo "2037"]
[WhiteElo "2268"]
[LiveChessVersion "1.4.8"]

1. e4 {[%clk 1:30:53]} e5 {[%clk 1:30:54]} 2. Nf3 {[%clk 1:31:18]} Nc6
{[%clk 1:31:15]} 3. Bc4 {[%clk 1:31:40]} Be7 {[%clk 1:31:36]} 4. d4
{[%clk 1:31:56]} d6 {[%clk 1:31:46]} 5. d5 {[%clk 1:32:12]} Nb8 {[%clk 1:30:56]}
6. Bd3 {[%clk 1:32:27]} Nf6 {[%clk 1:30:43]} 7. c4 {[%clk 1:32:45]} O-O
{[%clk 1:30:59]} 8. h3 {[%clk 1:26:23]} a6 {[%clk 1:31:20]} 9. Nc3
{[%clk 1:25:40]} Bd7 {[%clk 1:31:39]} 10. Qe2 {[%clk 1:17:37]} c6
{[%clk 1:30:14]} 11. dxc6 {[%clk 1:14:59]} Nxc6 {[%clk 1:29:05]} 12. Be3
{[%clk 1:13:56]} Nb4 {[%clk 1:21:31]} 13. Bb1 {[%clk 1:10:17]} a5
{[%clk 1:21:32]} 14. O-O {[%clk 1:10:05]} a4 {[%clk 1:16:04]} 15. Rd1
{[%clk 1:05:43]} a3 {[%clk 1:15:55]} 16. bxa3 Nc6 {[%clk 1:12:23]} 17. Nb5
{[%clk 1:02:55]} Be6 {[%clk 1:08:56]} 18. Nxd6 {[%clk 0:53:23]} Bxd6
{[%clk 1:05:09]} 19. c5 {[%clk 0:53:42]} Rxa3 {[%clk 1:00:29]} 20. cxd6
{[%clk 0:52:15]} Qa5 {[%clk 1:00:45]} 21. Qb2 {[%clk 0:50:22]} b5
{[%clk 0:46:07]} 22. Nxe5 {[%clk 0:47:16]} Nxe5 {[%clk 0:46:29]} 23. Qxe5
{[%clk 0:47:43]} Nd7 {[%clk 0:46:02]} 24. Qb2 {[%clk 0:45:27]} b4
{[%clk 0:46:12]} 25. Bd2 {[%clk 0:39:46]} Rb8 {[%clk 0:43:48]} 26. Qd4
{[%clk 0:37:36]} Qh5 {[%clk 0:40:28]} 27. Bd3 {[%clk 0:34:07]} Ne5
{[%clk 0:40:21]} 28. Be2 {[%clk 0:32:13]} Qxe2 {[%clk 0:39:07]} 29. Qxe5
{[%clk 0:32:37]} Rxa2 {[%clk 0:39:19]} 30. d7 {[%clk 0:31:07]} Rf8
{[%clk 0:37:53]} 31. Qd6 {[%clk 0:29:14]} Bxd7 {[%clk 0:36:24]} 32. Qxd7
{[%clk 0:29:30]} b3 {[%clk 0:35:28]} 33. Be3 {[%clk 0:29:24]} h6 {[%clk 0:35:31]}
34. Rab1 {[%clk 0:29:05]} b2 {[%clk 0:34:27]} 35. Qd2 {[%clk 0:23:13]} Qb5
{[%clk 0:34:35]} 36. Qd5 {[%clk 0:22:36]} Qa6 {[%clk 0:33:58]} 37. Qb3
{[%clk 0:21:58]} 1-0

[Event "escc2023_65"]
[Site "?"]
[Date "2023.06.03"]
[Round "9.8"]
[White "Pritchett, Craig W"]
[Black "Brongers, Henk"]
[Result "0-1"]
[BlackElo "2036"]
[WhiteElo "2232"]
[LiveChessVersion "1.4.8"]

1. Nf3 {[%clk 1:30:48]} Nf6 {[%clk 1:30:32]} 2. c4 {[%clk 1:31:06]} g6
{[%clk 1:30:50]} 3. Nc3 {[%clk 1:31:30]} Bg7 {[%clk 1:31:12]} 4. e4
{[%clk 1:31:48]} d6 {[%clk 1:31:27]} 5. d4 {[%clk 1:32:10]} O-O {[%clk 1:31:44]}
6. Be2 {[%clk 1:32:34]} Na6 {[%clk 1:31:21]} 7. O-O {[%clk 1:32:24]} e5
{[%clk 1:31:45]} 8. Be3 {[%clk 1:31:45]} Qe7 {[%clk 1:31:53]} 9. d5
{[%clk 1:25:28]} Ng4 {[%clk 1:31:11]} 10. Bg5 {[%clk 1:23:24]} f6
{[%clk 1:31:16]} 11. Bh4 {[%clk 1:20:08]} g5 {[%clk 1:30:47]} 12. Bg3
{[%clk 1:19:36]} f5 {[%clk 1:28:47]} 13. exf5 {[%clk 1:18:20]} Bxf5
{[%clk 1:22:12]} 14. h3 {[%clk 1:09:29]} Nh6 {[%clk 1:21:54]} 15. Nd2
{[%clk 0:57:45]} e4 {[%clk 1:21:03]} 16. Nb3 {[%clk 0:54:18]} Rae8
{[%clk 1:08:25]} 17. Bh5 {[%clk 0:53:16]} Nf7 {[%clk 0:59:28]} 18. Nd4
{[%clk 0:48:17]} Bd7 {[%clk 0:58:18]} 19. Bg4 {[%clk 0:45:20]} Bxg4
{[%clk 0:49:28]} 20. hxg4 {[%clk 0:45:35]} Nd8 {[%clk 0:49:11]} 21. Re1
{[%clk 0:34:52]} Nc5 {[%clk 0:48:12]} 22. Nf5 {[%clk 0:32:49]} Qf7
{[%clk 0:39:24]} 23. Nxg7 {[%clk 0:29:45]} Qxg7 {[%clk 0:39:44]} 24. Qd2
{[%clk 0:26:14]} a5 {[%clk 0:38:55]} 25. Rad1 {[%clk 0:17:13]} h6
{[%clk 0:22:43]} 26. Qd4 {[%clk 0:12:02]} Qg6 {[%clk 0:20:42]} 27. Nb5
{[%clk 0:06:55]} Re7 {[%clk 0:17:56]} 28. Qe3 {[%clk 0:06:32]} h5
{[%clk 0:11:53]} 29. gxh5 {[%clk 0:05:11]} Qxh5 {[%clk 0:12:08]} 30. Rd4
{[%clk 0:04:02]} Rh7 {[%clk 0:09:01]} 31. Kf1 {[%clk 0:04:16]} Qh1+
{[%clk 0:09:04]} 32. Ke2 {[%clk 0:04:41]} Qxg2 {[%clk 0:09:29]} 33. Qxg5+
{[%clk 0:03:57]} Rg7 {[%clk 0:09:53]} 34. Qh4 {[%clk 0:03:53]} Qf3+
{[%clk 0:03:02]} 35. Kd2 {[%clk 0:04:07]} Re8 {[%clk 0:02:25]} 36. Rh1
{[%clk 0:03:04]} e3+ {[%clk 0:02:39]} 37. Kc1 {[%clk 0:02:04]} Nf7
{[%clk 0:02:36]} 38. Rf4 {[%clk 0:01:47]} Qe2 {[%clk 0:03:03]} 39. Rd4
{[%clk 0:00:50]} Nd3+ {[%clk 0:03:14]} 40. Rxd3 {[%clk 0:01:16]} Qxd3
{[%clk 0:03:39]} 41. Nxc7 {[%clk 0:01:06]} Re4 {[%clk 0:03:56]} 0-1

[Event "escc2023_65"]
[Site "?"]
[Date "2023.06.03"]
[Round "9.10"]
[White "Van Hoolandt, Patrick"]
[Black "Luciani, Carlo"]
[Result "1/2-1/2"]
[BlackElo "2197"]
[WhiteElo "2035"]
[LiveChessVersion "1.4.8"]

1. d4 {[%clk 1:30:57]} Nf6 {[%clk 1:28:13]} 2. c4 {[%clk 1:31:17]} g6
{[%clk 1:28:17]} 3. Nc3 {[%clk 1:31:40]} Bg7 {[%clk 1:28:41]} 4. e4
{[%clk 1:32:03]} d6 {[%clk 1:29:04]} 5. Nf3 {[%clk 1:32:26]} O-O {[%clk 1:29:17]}
6. Be2 {[%clk 1:31:10]} Nbd7 {[%clk 1:29:28]} 7. O-O {[%clk 1:28:11]} e5
{[%clk 1:29:51]} 8. Qc2 {[%clk 1:27:14]} c6 {[%clk 1:29:29]} 9. Rd1
{[%clk 1:27:32]} Qe7 {[%clk 1:29:13]} 10. d5 {[%clk 1:27:52]} c5 {[%clk 1:27:58]}
11. Bg5 {[%clk 1:27:37]} h6 {[%clk 1:27:06]} 12. Bd2 {[%clk 1:27:43]} Nh7
{[%clk 1:14:25]} 13. g3 {[%clk 1:12:52]} Ng5 {[%clk 1:10:20]} 14. Nxg5
{[%clk 1:13:15]} hxg5 {[%clk 1:10:36]} 15. Qc1 {[%clk 1:00:24]} Bf6
{[%clk 1:10:06]} 16. g4 {[%clk 0:58:01]} Kg7 {[%clk 1:09:11]} 17. h4
{[%clk 0:57:59]} Qd8 {[%clk 1:08:26]} 18. Bxg5 {[%clk 0:44:37]} Rh8
{[%clk 1:07:45]} 19. Kg2 {[%clk 0:42:08]} Nf8 {[%clk 1:02:19]} 20. Rh1
{[%clk 0:32:50]} Bxg5 {[%clk 0:59:21]} 21. Qxg5 {[%clk 0:33:06]} Qxg5
{[%clk 0:58:48]} 22. hxg5 {[%clk 0:33:34]} Nh7 {[%clk 0:59:02]} 23. Kg3
{[%clk 0:29:39]} Nxg5 {[%clk 0:58:51]} 24. Rxh8 {[%clk 0:29:30]} Kxh8
{[%clk 0:59:18]} 25. f4 {[%clk 0:29:15]} exf4+ {[%clk 0:59:20]} 26. Kxf4
{[%clk 0:29:40]} f6 {[%clk 0:59:35]} 27. Rh1+ {[%clk 0:27:11]} Kg7
{[%clk 0:57:53]} 28. Nb5 {[%clk 0:27:27]} Nf7 {[%clk 0:57:52]} 29. Nc7
{[%clk 0:27:52]} g5+ {[%clk 0:56:08]} 30. Ke3 {[%clk 0:18:51]} Rb8
{[%clk 0:56:16]} 31. Ne8+ {[%clk 0:17:55]} Kf8 {[%clk 0:46:13]} 32. Nxf6
{[%clk 0:17:21]} Ke7 {[%clk 0:45:47]} 33. Ng8+ {[%clk 0:13:58]} Kf8
{[%clk 0:44:42]} 34. Nh6 {[%clk 0:13:54]} Ne5 {[%clk 0:38:50]} 35. Nf5
{[%clk 0:13:03]} Nf7 {[%clk 0:38:41]} 36. Nh6 {[%clk 0:02:10]} Ne5
{[%clk 0:38:40]} 37. Nf5 {[%clk 0:02:02]} Nf7 {[%clk 0:39:08]} 38. Ng3
{[%clk 0:01:41]} Bd7 {[%clk 0:38:00]} 39. Rh7 {[%clk 0:01:03]} Kg8
{[%clk 0:35:48]} 40. Rh5 {[%clk 0:00:59]} a6 {[%clk 0:35:07]} 41. e5
{[%clk 0:30:20]} Nxe5 {[%clk 1:01:50]} 42. Rxg5+ {[%clk 0:30:35]} Kf8
{[%clk 1:01:33]} 43. Ne4 {[%clk 0:27:20]} Nf7 {[%clk 1:01:29]} 44. Rg6
{[%clk 0:25:11]} Ke7 {[%clk 1:00:33]} 45. Rg7 {[%clk 0:21:32]} Kf8
{[%clk 1:00:52]} 46. Rg6 {[%clk 0:21:28]} Ke7 {[%clk 1:00:59]} 47. Nf6
{[%clk 0:20:50]} Rh8 {[%clk 1:00:09]} 48. Nxd7 {[%clk 0:19:39]} Rh3+
{[%clk 0:59:59]} 49. Kf4 {[%clk 0:19:25]} Kxd7 {[%clk 1:00:10]} 50. Rg7
{[%clk 0:18:19]} Ke7 {[%clk 1:00:18]} 51. g5 {[%clk 0:16:46]} Kf8
{[%clk 0:59:59]} 52. Rg6 {[%clk 0:17:02]} Rh2 {[%clk 0:59:34]} 53. Re6
{[%clk 0:14:47]} Ne5 {[%clk 0:59:17]} 54. Ke3 {[%clk 0:12:13]} Rh3+
{[%clk 0:59:00]} 55. Kd2 {[%clk 0:11:56]} Rh2 {[%clk 0:59:11]} 56. b3
{[%clk 0:11:52]} Nf3+ {[%clk 0:58:33]} 57. Ke3 {[%clk 0:08:20]} Nd4
{[%clk 0:56:48]} 58. Rf6+ {[%clk 0:08:34]} Ke7 {[%clk 0:46:05]} 59. Rf2
{[%clk 0:07:40]} Rh1 {[%clk 0:38:06]} 60. Bd3 {[%clk 0:03:46]} Rh3+
{[%clk 0:37:30]} 61. Ke4 {[%clk 0:01:03]} Rg3 {[%clk 0:37:33]} 62. Rh2
{[%clk 0:01:06]} Kf7 {[%clk 0:27:18]} 63. Rh6 {[%clk 0:00:51]} Rg4+
{[%clk 0:21:44]} 64. Ke3 {[%clk 0:01:20]} Rg3+ {[%clk 0:21:59]} 65. Ke4
{[%clk 0:01:45]} Rg4+ {[%clk 0:22:07]} 66. Ke3 {[%clk 0:02:14]} Rg3+
{[%clk 0:22:18]} 1/2-1/2